[Event "Chigorin Memorial 19th"]
[Site "St Petersburg"]
[Date "2011.10.18"]
[Round "5"]
[White "Semenova, Irina"]
[Black "Zheleznaykov, Peter"]
[Result "1-0"]
[WhiteElo "2236"]
[BlackElo "1955"]
[PlyCount "53"]
[EventDate "2011.10.14"]
[EventType "swiss"]
[EventRounds "9"]
[EventCountry "RUS"]
[SourceTitle "CBM 144 Extra"]
[Source "ChessBase"]
[SourceDate "2011.10.28"]
[SourceVersion "1"]
[SourceVersionDate "2011.10.28"]
[SourceQuality "1"]

1. e4 e6 2. d4 d5 3. Nc3 Nf6 4. e5 Nfd7 5. f4 c5 6. Nf3 Nc6 7. Be3 Be7 8. Qd2 0-0 9. 0-0-0 f6 10. exf6 Bxf6 11. dxc5 Qa5 12. Kb1 Nxc5 13. Nxd5 Qxd2 14. Nxf6+ Rxf6 15. Nxd2 b6 16. Bb5 Bb7 17. Rhe1 Nb4 18. a3 Nd5 19. Bxc5 bxc5 20. Ne4 Rxf4 21. Nxc5 a6 22. Bd7 Bc8 23. Bxe6+ Bxe6 24. Nxe6 Rf5 25. g4 Nc3+ 26. bxc3 Rb5+ 27. Kc1 1-0

[Event "St Petersburg Botvinnik 100 op"]
[Site "St Petersburg"]
[Date "2011.08.18"]
[Round "7"]
[White "Babaev, David"]
[Black "Zheleznaykov, Peter"]
[Result "1-0"]
[WhiteElo "1846"]
[BlackElo "1962"]
[PlyCount "113"]
[EventDate "2011.08.12"]
[EventType "swiss"]
[EventRounds "9"]
[EventCountry "RUS"]
[SourceTitle "CBM 143 Extra"]
[Source "ChessBase"]
[SourceDate "2011.08.29"]
[SourceVersion "1"]
[SourceVersionDate "2011.08.29"]
[SourceQuality "1"]

1. e4 d6 2. d4 Nf6 3. Nc3 g6 4. f3 Bg7 5. Be3 0-0 6. Bd3 c6 7. Nge2 Qc7 8. 0-0 b6 9. Rb1 Bb7 10. Qc1 Re8 11. Nd1 Nbd7 12. c4 e5 13. Ndc3 a6 14. d5 c5 15. Kh1 h5 16. b4 cxb4 17. Rxb4 Nc5 18. Qb1 Nfd7 19. Bxc5 dxc5 20. Rb2 Reb8 21. a4 Bc8 22. Rc1 Bh6 23. Rcc2 Nf6 24. Rb3 Rb7 25. Rcb2 Rab8 26. Nd1 Bd7 27. Nec3 h4 28. Bf1 Kg7 29. a5 b5 30. cxb5 Bxb5 31. Nxb5 axb5 32. Rxb5 Rxb5 33. Rxb5 Ra8 34. Qa2 Ne8 35. Qa3 Rc8 36. Qb2 Bf4 37. Rb6 Ra8 38. a6 c4 39. Qb4 Bd2 40. d6 Qd8 41. Qc5 c3 42. Rc6 Qg5 43. d7 Nf6 44. Qe7 Nxd7 45. Qxd7 Rd8 46. Qa7 Be1 47. Rc7 Qf4 48. Nxc3 Bxc3 49. Rxc3 Rd1 50. Kg1 h3 51. Qe3 hxg2 52. Kxg2 Qf6 53. Rc1 Rd4 54. Kh1 Qb6 55. Qc3 Qb8 56. Qc7 Qb3 57. Qxe5+ 1-0

[Event "St Petersburg Botvinnik 100 op"]
[Site "St Petersburg"]
[Date "2011.08.17"]
[Round "6"]
[White "Zheleznaykov, Peter"]
[Black "Lagashin, Pavel"]
[Result "0-1"]
[WhiteElo "1962"]
[BlackElo "2178"]
[PlyCount "120"]
[EventDate "2011.08.12"]
[EventType "swiss"]
[EventRounds "9"]
[EventCountry "RUS"]
[SourceTitle "CBM 143 Extra"]
[Source "ChessBase"]
[SourceDate "2011.08.29"]
[SourceVersion "1"]
[SourceVersionDate "2011.08.29"]
[SourceQuality "1"]

1. d4 d5 2. c4 c6 3. cxd5 cxd5 4. Nf3 Nc6 5. e3 Nf6 6. Bd3 Bg4 7. h3 Bh5 8. 0-0 e6 9. Nbd2 Bd6 10. Qb3 Qb6 11. Qxb6 axb6 12. a3 Ke7 13. b3 Nb4 14. Bb1 Bg6 15. Bb2 Bxb1 16. Rfxb1 Nc2 17. Ra2 Nb4 18. Raa1 Nd3 19. Bc1 Rhc8 20. Kf1 Nxc1 21. Rxc1 Rxc1+ 22. Rxc1 Rxa3 23. Rc2 Nd7 24. Ke2 f6 25. Rc8 Nf8 26. Ne1 Kd7 27. Rc2 Bb4 28. Rb2 Bc3 29. Rb1 Ra2 30. Nef3 b5 31. Rd1 Ng6 32. Ne1 e5 33. Nd3 exd4 34. exd4 Bxd4 35. Nb4 Ra1 36. Rxa1 Bxa1 37. Nxd5 Kc6 38. Ne3 Nf4+ 39. Kf3 Nd3 40. Ke2 Nc5 41. Nd1 b4 42. Ne3 Bc3 43. Nef1 f5 44. g3 g5 45. Ke3 Kd5 46. f3 Ne6 47. Kd3 f4 48. Ne4 fxg3 49. Nfxg3 Nf4+ 50. Kc2 Nxh3 51. Nxc3+ bxc3 52. Kxc3 Ng1 53. Ne4 h6 54. Nd2 Ke5 55. b4 Kf4 56. Nc4 h5 57. Nd6 h4 58. Nxb7 h3 59. Nc5 h2 60. Nd3+ Ke3 0-1

[Event "Petropavlovsk Kamchatsky-ch"]
[Site "Petropavlovsk Kamchatsky"]
[Date "2010.12.26"]
[Round "9"]
[White "Shubin, Alexander"]
[Black "Zheleznaykov, Peter"]
[Result "1-0"]
[WhiteElo "2163"]
[BlackElo "1950"]
[PlyCount "51"]
[EventDate "2010.12.12"]
[EventType "swiss"]
[EventRounds "9"]
[EventCountry "RUS"]
[SourceTitle "EXT 2022"]
[Source "ChessBase"]
[SourceDate "2021.10.06"]
[SourceVersion "1"]
[SourceVersionDate "2021.10.06"]
[SourceQuality "1"]

1. e4 e6 2. d4 d5 3. Nc3 Nf6 4. e5 Nfd7 5. f4 c5 6. Nf3 Nc6 7. Be3 a6 8. Qd2 b5 9. a3 g5 10. fxg5 cxd4 11. Nxd4 Ncxe5 12. 0-0-0 Bg7 13. h4 Qa5 14. Nb3 Qc7 15. Bd4 Bb7 16. Rh3 0-0-0 17. Bxb5 axb5 18. Nxb5 Nc4 19. Qb4 Qf4+ 20. Kb1 Bxd4 21. Rxd4 Qf1+ 22. Ka2 Ndb6 23. Rf3 Qxg2 24. Rxf7 Qxc2 25. Qc5+ Kb8 26. Qc7+ 1-0

[Event "Petropavlovsk Kamchatsky-ch"]
[Site "Petropavlovsk Kamchatsky"]
[Date "2010.12.24"]
[Round "8"]
[White "Zheleznaykov, Peter"]
[Black "Chernih, Nikolay"]
[Result "0-1"]
[WhiteElo "1950"]
[BlackElo "2112"]
[PlyCount "100"]
[EventDate "2010.12.12"]
[EventType "swiss"]
[EventRounds "9"]
[EventCountry "RUS"]
[SourceTitle "EXT 2022"]
[Source "ChessBase"]
[SourceDate "2021.10.06"]
[SourceVersion "1"]
[SourceVersionDate "2021.10.06"]
[SourceQuality "1"]

1. d4 f5 2. c4 Nf6 3. Nc3 d6 4. Nf3 g6 5. e3 Bg7 6. Bd3 c5 7. 0-0 Nc6 8. Re1 0-0 9. d5 Ne5 10. Nxe5 dxe5 11. e4 f4 12. Rb1 Bd7 13. b4 b6 14. bxc5 bxc5 15. Ba3 Rc8 16. Rb7 Qa5 17. Qb3 Bh6 18. f3 g5 19. Rb1 g4 20. Be2 Bg7 21. Bc1 h5 22. Qa3 Qd8 23. Rxa7 h4 24. Qa5 Qe8 25. Rbb7 h3 26. Qb6 Kh8 27. fxg4 Rd8 28. Bf3 Nh7 29. Qxc5 Rg8 30. Qf2 Bf6 31. c5 Bxg4 32. Bxg4 Rxg4 33. g3 Qg6 34. Kh1 Rg8 35. Rb2 Rxg3 36. hxg3 fxg3 37. Qf3 g2+ 38. Rxg2 hxg2+ 39. Kg1 Bh4 40. Ne2 Rf8 41. Qxg2 Qh5 42. c6 Rg8 43. Qxg8+ Kxg8 44. Ra8+ Kg7 45. c7 Qg4+ 46. Kh1 Qf3+ 47. Kg1 Qf2+ 48. Kh1 Qe1+ 49. Ng1 Qxe4+ 50. Kh2 Nf6 0-1

[Event "Petropavlovsk Kamchatsky-ch"]
[Site "Petropavlovsk Kamchatsky"]
[Date "2010.12.17"]
[Round "4"]
[White "Boyarskiy, Alexander"]
[Black "Zheleznaykov, Peter"]
[Result "1-0"]
[WhiteElo "2106"]
[BlackElo "1950"]
[PlyCount "65"]
[EventDate "2010.12.12"]
[EventType "swiss"]
[EventRounds "9"]
[EventCountry "RUS"]
[SourceTitle "EXT 2022"]
[Source "ChessBase"]
[SourceDate "2021.10.06"]
[SourceVersion "1"]
[SourceVersionDate "2021.10.06"]
[SourceQuality "1"]

1. e4 e6 2. d4 d5 3. e5 c5 4. c3 Nc6 5. Nf3 Qb6 6. a3 Nh6 7. b4 cxd4 8. cxd4 Nf5 9. Bb2 Be7 10. Bd3 a5 11. Bxf5 exf5 12. Nc3 Be6 13. b5 Na7 14. Qb3 0-0 15. 0-0 Rfd8 16. Rab1 Rd7 17. Rfc1 Bd8 18. Ba1 Rc8 19. Rd1 Be7 20. Na4 Qd8 21. Nc5 Bxc5 22. dxc5 Rxc5 23. Qe3 d4 24. Qd3 Bc4 25. Qxf5 Nxb5 26. Ng5 g6 27. Qh3 h5 28. Ne4 Rxe5 29. Qxd7 Qb8 30. Nf6+ Kg7 31. Bxd4 Nxd4 32. Qxd4 Be6 33. f4 1-0